000
00263nam a22001217a 4500
008
170713b xxu||||| |||| 00| 0 eng d
041
_a
eng
080
_2
3RD
_a
038
100
_a
23
101
_a
FJA
245
_a
INTERNATIONAL THESAURUS
_c
ROGET
942
_2
udc
_c
BK
999
_c
20448
_d
20448